Concepción Gimeno de Flaquer: obras completas. libros de ensayo (1877-1899) / I :

Αποθηκεύτηκε σε:
Λεπτομέρειες βιβλιογραφικής εγγραφής
Άλλοι συγγραφείς: Pedrós-Gascón, Antonio Francisco (Επιμελητής έκδοσης), Gimeno de Flaquer, Concepción (autora.)
Μορφή: Ηλ. βιβλίο
Γλώσσα:Ισπανικά
Έκδοση: Zaragoza : Prensas de la Universidad de Zaragoza, 2025.
Θέματα:
Διαθέσιμο Online:https://elibro.unach.elogim.com/es/lc/unach/titulos/292390
Ετικέτες: Προσθήκη ετικέτας
Δεν υπάρχουν, Καταχωρήστε ετικέτα πρώτοι!

MARC

LEADER 00000nam a2200000 i 4500
001 ELB292390
003 FINmELB
005 20260131102500.0
006 m o d |
007 cr cnu||||||||
008 260126s2025 sp o 001 0 spa d
020 |a 9788413409962  |q (e-book) 
035 |a (OCoLC)1574228239 
040 |a FINmELB  |b spa  |e rda  |c FINmELB 
050 4 |a PQ6613.I55  |b A2 2025 
080 |a 82-94 
082 0 4 |a 868.6  |2 23 
245 0 0 |a Concepción Gimeno de Flaquer: obras completas.  |n I :  |b libros de ensayo (1877-1899) /  |c Antonio Francisco Pedrós-Gascón (editor) ; Concepción Gimeno de Flaquer. 
264 1 |a Zaragoza :  |b Prensas de la Universidad de Zaragoza,  |c 2025. 
300 |a 1 recurso en línea (125 páginas) 
336 |a texto  |b txt  |2 rdacontent/spa 
337 |a computadora  |b c  |2 rdamedia/spa 
338 |a recurso en línea  |b cr  |2 rdacarrier/spa 
500 |a Incluye índice. 
588 |a Descripción basada en metadatos suministrados por el editor y otras fuentes. 
590 |a Recurso electrónico. Santa Fe, Arg.: elibro, 2026. Disponible vía World Wide Web. El acceso puede estar limitado para las bibliotecas afiliadas a elibro. 
600 1 4 |a Gimeno de Flaquer, Concepción,  |d 1850-1919. 
650 4 |a Ensayo español  |y Siglo XIX. 
650 4 |a Escritoras españolas  |y Siglo XIX. 
655 4 |a Libros electrónicos. 
700 1 |a Pedrós-Gascón, Antonio Francisco,  |e editor. 
700 1 |a Gimeno de Flaquer, Concepción,  |e autora. 
797 2 |a elibro, Corp. 
856 4 0 |u https://elibro.unach.elogim.com/es/lc/unach/titulos/292390